000 01067nam a22003497a 4500
001 BR0404809
003 BR-BrBNA
005 20230928101734.0
007 ta
008 230509b bl.||||| |||| 00| 0 por d
040 _aBR-BrBNA
_bpor
_cBiblioteca Nacional de Agricultura
041 _a(Por)
072 _aF01; E16
_b1740
090 _ 1740 BR0404809
100 1 _aChurata-Masca, M.G.C.
100 1 _aCanalez, J.I.(eds.)
110 1 _aSociedade de Olericultura do Brasil, Jaboticabal, SP (Brasil)
_99877
111 1 _a3. Seminário Nacional da Cebola
_cPiedade, SP (Brazil)
_d17-19 Mai de 1988
245 1 _aAnais do 3. Seminário Nacional da Cebola
260 3 _aJaboticabal, SP (Brasil):
_c1988.
300 _a140 p.
500 _aSeveral bibliography; 16 tables; 11 illus.
650 _aCEBOLA
650 _aPRÁTICA CULTURAL
650 _aNUTRIÇÃO VEGETAL
650 _aDOENÇA DE PLANTA
650 _aSISTEMA DE PRODUÇÃO
650 _aSEGURO RURAL
650 _aFINANCIAMENTO
909 _a202309
_bLucia
_c55
_dLucia Elande
942 _cBK
999 _c67341
_d67341